Equipes onde atuavam os jogadores brasileiros que disputaram a Copa de 2006 - Statistics

Estatísticas Gerais
  • Esse quiz foi jogado 150 vezes
  • A pontuação média é 20 de 23
Estatísticas das Respostas
Jogador Posição Equipe % Correto
Dida Goleiro Milan
99%
Cafu Lateral Milan
99%
Kaká Meia Milan
99%
Cicinho Lateral Real Madrid
99%
Roberto Carlos Lateral Real Madrid
99%
Robinho Atacante Real Madrid
99%
Ronaldo Atacante Real Madrid
99%
Ronaldinho Meia Barcelona
98%
Rogério Ceni Goleiro São Paulo
98%
Mineiro Meia São Paulo
98%
Júlio César Goleiro Internazionale
97%
Adriano Atacante Internazionale
97%
Cris Zagueiro Olympique Lyonnais
92%
Juninho Pernambucano Meia Olympique Lyonnais
92%
Fred Atacante Olympique Lyonnais
92%
Lúcio Zagueiro Bayern de Munique
81%
Zé Roberto Meia Bayern de Munique
81%
Ricardinho Meia Corinthians
81%
Luisão Zagueiro Benfica
79%
Gilberto Silva Meia Arsenal
78%
Emerson Meia Juventus
66%
Juan Zagueiro Bayer Leverkusen
61%
Gilberto Lateral Hertha Berlim
22%
Nenhum quiz correspondente encontrado
Distribuição das Pontuações
Porcentagem de Pessoas com Cada Pontuação
Percentil de Números Respondidos
Sua Pontuação Histórica
Você não jogou esse quiz